| 000 | 00782nam a22001337a 4500 | ||
|---|---|---|---|
| 040 | _cRUA | ||
| 082 | _aMs. SOV 2021 B1.278 Or. | ||
| 100 | _aSOV SINEN សូវ ស៊ីណេន | ||
| 245 | _aEFFECTS OF N P K FERTILIZER, BOICHAR AND OTHER ORGANIC FERTILIZERS ON SOIL QUALITY AND RICE YIELD ON PRATEAH LAND SOIL GROUP ឥទ្ធិពលនៃជី N P K ជីវធ្យូងអង្កាម និងជីសរីរាង្គផ្សេងៗលើគុណភាពដី និងទិន្នផលស្រូវនៅលើក្រុមដីប្រទះឡាង | ||
| 260 |
_aPHNOM PENH _bRUA _c2021 |
||
| 300 |
_aXII. 52P _bVII. _c29CM |
||
| 856 | _uhttps://drive.google.com/file/d/1bR5J5SeNNvlasZG5o4_H6pg_SlJts2i7/view?usp=sharing | ||
| 942 | _cNRM | ||
| 999 |
_c23649 _d23649 |
||